000 01043nam a2200241Ia 4500
003 GCL
005 20240530110127.0
008 140319s9999 xx 000 0 ara d
040 _aGCL /
_cGCL
082 0 4 _a810.8
_bا م
100 1 _aابن منظور : جمال الدين ابو الفضل محمد بن مكرم بن على بن احمد بن ابى القاسم بن حبقة الانصارى المصرى
245 1 0 _aمختار الاغانى فى الاخبار والتهانى /
_cابن منظور : جمال الدين ابو الفضل محمد بن مكرم بن على بن احمد بن ابى القاسم بن حبقة الانصارى المصرى
260 _aالقاهرة :
_bالدار المصرية ،
_c1965
300 _a ؛
_c24 سم
650 0 4 _aالشعر العربى
650 0 4 _aالادب العربى
650 0 4 _aالادب
650 0 4 _aالاغانى
650 0 4 _aتاريخ ونقد
650 0 4 _aالمجموعات
700 1 _aابراهيم الابيارى
942 _2ddc
_cBK
999 _c58773
_d58773